<?xml version="1.0" encoding="UTF-8"?>
<collection xmlns="http://www.loc.gov/MARC21/slim">
  <record>
    <leader>00000nam  2200000   4500</leader>
    <controlfield tag="001">INLIS000000000016912</controlfield>
    <controlfield tag="005">20240319102604</controlfield>
    <datafield tag="035" ind1="#" ind2="#">
      <subfield code="a">0010-0324000059</subfield>
    </datafield>
    <controlfield tag="007">ta</controlfield>
    <controlfield tag="008">240319################|##########|#|##</controlfield>
    <datafield tag="084" ind1="#" ind2="#">
      <subfield code="a">R 015 LATSAR 2021</subfield>
    </datafield>
    <datafield tag="100" ind1=" " ind2="#">
      <subfield code="a">Tri Arisa</subfield>
    </datafield>
    <datafield tag="245" ind1="1" ind2="#">
      <subfield code="a">Digitalisasi Proses Pengajuan Pengangkatan Jabatan Fungsional Pengawas Koperasi Di Deputi Bidang Perkoperasian Tahun 2021 /</subfield>
      <subfield code="c">Tri Arisa</subfield>
    </datafield>
    <datafield tag="260" ind1="#" ind2="#">
      <subfield code="a">Jakarta :</subfield>
      <subfield code="b">Pusbangkader,</subfield>
      <subfield code="c">2021</subfield>
    </datafield>
    <datafield tag="300" ind1="#" ind2="#">
      <subfield code="a">50 halaman ;</subfield>
      <subfield code="c">30 cm</subfield>
    </datafield>
    <datafield tag="650" ind1="#" ind2="4">
      <subfield code="a">Digitalisasi</subfield>
    </datafield>
    <datafield tag="650" ind1="#" ind2="4">
      <subfield code="a">Koperasi</subfield>
    </datafield>
    <datafield tag="520" ind1="#" ind2="#">
      <subfield code="a">Proses pengajuan pengangkatan JFPK yang masih koncensional berdampak pada kebutuhan JFPK pada instansi belum dapat terpenuhi dengan cepat. Hal tersebut karena proses membutuhkan waktu lama, serta resiko dokumen yang hilang maupun rusak saat proses pengiriman. Tentu pula membutuhkan biaya untuk pengiriman dan tidak efektif serta efisien. Dengan proses digital akan memudahkan calon JFPK dalam proses pengiriman. Hal ini memberikan efisiensi dan efektifitas dari segi waktu maupun biaya, serta mengurangi resiko kehilangan berkas usulan saat pengiriman jika dilakukan secara konvensional</subfield>
    </datafield>
    <datafield tag="856" ind1="#" ind2="#">
      <subfield code="a">Perpustakaan LAN Pusat</subfield>
    </datafield>
    <datafield tag="990" ind1="#" ind2="#">
      <subfield code="a">23.10.015</subfield>
    </datafield>
  </record>
</collection>
